| 000 | 00661nam a22001937a 4500 | ||
|---|---|---|---|
| 999 |
_c94346 _d94346 |
||
| 005 | 20230817113151.0 | ||
| 010 | _aENG-113297 | ||
| 020 |
_c2500.00 _a978817522450 |
||
| 035 | _aEN-96829 | ||
| 037 | _bDBAD/PUB | ||
| 082 | _a509.54 | ||
| 100 | _aDeb, B.M. | ||
| 245 |
_aThe peacock in splendour : _cby B.M. Deb _bscience, literature and art in ancient and medieval India / |
||
| 260 |
_aKolkata _bVisva Bharati _c2015 |
||
| 270 |
_a6, Acharya Jagadish Chandra Bose Road, _bKolkata _e700017 |
||
| 300 |
_axxii,530p. : _c28cm(Hb) _bcol. phoptos |
||
| 500 | _aIncludes bibliographical references and index | ||
| 942 |
_2ddc _cEN _mDEB _h509.54 |
||